| 000 | 00513nam a2200169 a 4500 | ||
|---|---|---|---|
| 005 | 20140310183132.0 | ||
| 008 | 020823s19uu xx 00 eng d | ||
| 050 |
_aQA 76.95 _b.P53 2001 |
||
| 100 | _aPiascik, Chester | ||
| 245 |
_aApplied mathematics with microsoft excel / _cChester Piascik. |
||
| 300 |
_a257 p. : _bill. ; _c24 cm. |
||
| 650 | _aMicrosoft excel ( computer file ) | ||
| 650 |
_aMathematics _xdata processing |
||
| 650 | _aElectronic spreedsheets | ||
| 942 |
_cBK _2lcc _kFOR |
||
| 999 |
_c19171 _d19171 |
||